Primárna matematická edukácia na Slovensku a v zahraničí - pohľad prvý

Bibliographic Details
Main Author: Scholtzová, Iveta, 1965- (Author)
Format: Article
Language:Slovak
PhysicalDescription:Tabuľky
ISBN:9788055506647
Subjects:
Online Access://www.unipo.sk/public/media/20164/komplexnost-a-integrita.pdf

MARC

LEADER 00000nab a2200000 4500
001 vtls012056931
003 SK-MaSNL
005 20260426072726.0
008 210603|2012 xo |||| ||an ||00 0|slo
015 |a SNBRB2021/06 
040 |a SPKCL  |b slo  |e rda 
041 |a slo  |b slo  |b eng 
043 |a e-xo- - - 
044 |a xo  |c SK 
072 7 |a 51  |x Matematika  |2 konspekt 
080 |a 51:373.3  |2 2011 
100 1 |a Scholtzová, Iveta,  |d 1965-  |4 aut  |9 190744 
245 1 0 |a Primárna matematická edukácia na Slovensku a v zahraničí - pohľad prvý  |c Iveta Scholtzová 
300 |b Tabuľky 
336 |a text  |b txt  |2 rdacontent 
337 |a bez média  |b n  |2 rdamedia 
338 |a zväzok  |b nc  |2 rdacarrier 
504 |a Obsahuje bibliografiu 
546 |a Anglické a slovenské resumé 
650 0 7 |a matematika  |2 SNKPH  |9 70174 
650 0 7 |a primárne vzdelávanie  |2 SNKPH  |9 182208 
650 0 7 |a zahraničie  |2 SNKPH  |9 30233 
651 7 |a Slovensko  |2 SNKPHgeo  |9 14231 
655 7 |a BZB  |2 SNKPH  |9 1080216 
773 0 |t Komplexnosť a integrita v predprimárnej, primárnej a špeciálnej edukácii : zborník príspevkov z vedeckej konferencie s medzinárodnou účasťou organizovanej Pedagogickou fakultou PU pri príležitosti 15. výročia založenia Prešovskej univerzity v Prešove  |d Prešov : Prešovská univerzita, 2012  |g S. 295-298  |h online  |z 9788055506647 
856 4 1 |u //www.unipo.sk/public/media/20164/komplexnost-a-integrita.pdf 
958 |a NB 
999 |c 2691513  |d 2693443